Statistics for 2022-23 New York Giants 53 Man Roster

Click here to take the quiz!

General Stats

  • This quiz has been taken 380 times
  • The average score is 27 of 53

Answer Stats

HintAnswer% Correct
QBDaniel Jones
100%
RBSaquon Barkley
99%
QBTyrod Taylor
92%
RBMatt Breida
83%
WRSterling Shepard
82%
OLAndrew Thomas
81%
TEDaniel Bellinger
81%
WRDarius Slayton
80%
DLDexter Lawrence
78%
OLEvan Neal
78%
KGraham Gano
76%
WRKenny Golladay
76%
DLLeonard WIlliams
73%
CBAdoree' Jackson
72%
SXavier McKinney
71%
RBAntonio Williams
70%
DLNick Williams
70%
CBRodarius Williams
70%
OLBKayvon Thibodeaux
68%
WRWan'Dale Robinson
67%
CBAaron Robinson
64%
SJulian Love
64%
WRRichie James Jr.
62%
WRKadarius Toney
61%
RBGary Brightwell
55%
OLBAzeez Ojulari
53%
OLJon Feliciano
50%
OLBElerson Smith
48%
OLMark Glowinski
43%
PJamie Gillan
42%
ILBTae Crowder
40%
WRDavid Sills
39%
CBDarnay Holmes
38%
ILBMicah McFadden
37%
SDane Belton
34%
CBCor'Dale Flott
33%
OLBJihad Ward
33%
OLBOshane Ximines
33%
OLBen Bredeson
31%
ILBBlake Martinez
30%
OLJoshua Ezeudu
27%
LSCasey Kreiter
25%
RBChris Myarick
23%
ILBCam Brown
22%
ILBCarter Coughlin
22%
OLShane Lemieux
21%
DLJustin Ellis
20%
TETanner Hudson
20%
OLBTomon Fox
15%
DLD.J. Davidson
13%
ILBAustin Calitro
9%
OLDevery Hamilton
8%
OLMax Garcia
5%

Score Distribution

Percentile by Number Answered

Percent of People with Each Score

Your Score History

You have not taken this quiz